<?xml version="1.0" encoding="UTF-8"?>
<record
    xmlns:xsi="http://www.w3.org/2001/XMLSchema-instance"
    xsi:schemaLocation="http://www.loc.gov/MARC21/slim http://www.loc.gov/standards/marcxml/schema/MARC21slim.xsd"
    xmlns="http://www.loc.gov/MARC21/slim">

  <leader>00926nam a2200253 a 4500</leader>
  <controlfield tag="008">170302t1972    mx ||||f |||| 001 0 spa d</controlfield>
  <datafield tag="020" ind1=" " ind2=" ">
    <subfield code="a">S/N</subfield>
  </datafield>
  <datafield tag="041" ind1=" " ind2=" ">
    <subfield code="a">spa</subfield>
  </datafield>
  <datafield tag="092" ind1=" " ind2=" ">
    <subfield code="c">170</subfield>
    <subfield code="l">26</subfield>
    <subfield code="s">FRO</subfield>
  </datafield>
  <datafield tag="100" ind1="1" ind2=" ">
    <subfield code="a">Frondizi, Risieri</subfield>
    <subfield code="9">1043</subfield>
  </datafield>
  <datafield tag="245" ind1=" " ind2="1">
    <subfield code="a">&#xBF;Qu&#xE9; son los valores?.</subfield>
    <subfield code="b">Breviario /</subfield>
    <subfield code="c">Risieri Frondizi</subfield>
  </datafield>
  <datafield tag="250" ind1=" " ind2=" ">
    <subfield code="a">5a ed. corregida y aumentada</subfield>
  </datafield>
  <datafield tag="260" ind1=" " ind2=" ">
    <subfield code="a">Mexico:</subfield>
    <subfield code="b">Fondo de Cultura Economica;</subfield>
    <subfield code="c">1972.</subfield>
  </datafield>
  <datafield tag="300" ind1=" " ind2=" ">
    <subfield code="a">190 p.</subfield>
  </datafield>
  <datafield tag="500" ind1=" " ind2=" ">
    <subfield code="a">Frondizi, R. (1972). &#xBF;Qu&#xE9; son los valores?. Breviario. (5a ed.). M&#xE9;xico : Fondo de Cultura Econ&#xF3;mica.</subfield>
  </datafield>
  <datafield tag="590" ind1=" " ind2=" ">
    <subfield code="a">Donacion Dora Vera, febrero 2017.</subfield>
  </datafield>
  <datafield tag="653" ind1=" " ind2="1">
    <subfield code="a">&#xBF;Que son los valores?</subfield>
  </datafield>
  <datafield tag="653" ind1=" " ind2=" ">
    <subfield code="a">Problemas fundamentales de la axiologia</subfield>
  </datafield>
  <datafield tag="653" ind1=" " ind2="4">
    <subfield code="a">Las droctinas subjetivistas</subfield>
  </datafield>
  <datafield tag="653" ind1=" " ind2=" ">
    <subfield code="a">Scheler y el apriorismo material de los valores</subfield>
  </datafield>
  <datafield tag="653" ind1=" " ind2=" ">
    <subfield code="a">Critica al subjetivismo y objetivismo axiologicos</subfield>
  </datafield>
  <datafield tag="653" ind1=" " ind2=" ">
    <subfield code="a">Valor, estructura y situacion</subfield>
  </datafield>
  <datafield tag="942" ind1=" " ind2=" ">
    <subfield code="2">ddc</subfield>
    <subfield code="c">BK</subfield>
  </datafield>
  <datafield tag="999" ind1=" " ind2=" ">
    <subfield code="c">2387</subfield>
    <subfield code="d">2387</subfield>
  </datafield>
  <datafield tag="952" ind1=" " ind2=" ">
    <subfield code="0">0</subfield>
    <subfield code="1">0</subfield>
    <subfield code="2">ddc</subfield>
    <subfield code="4">0</subfield>
    <subfield code="7">0</subfield>
    <subfield code="a">BFM</subfield>
    <subfield code="b">BFM</subfield>
    <subfield code="c">CR</subfield>
    <subfield code="d">2017-03-02</subfield>
    <subfield code="e">Donacion Dora Vera , febrero 2017</subfield>
    <subfield code="l">0</subfield>
    <subfield code="o">170 26 FRO</subfield>
    <subfield code="p">3811</subfield>
    <subfield code="r">2017-03-02</subfield>
    <subfield code="t">Ej. 1</subfield>
    <subfield code="w">2017-03-02</subfield>
    <subfield code="y">BK</subfield>
    <subfield code="z">Donacion Dora Vera , febrero 2017</subfield>
  </datafield>
</record>
